000 01127nam0a22002891 4500
001 v19\rc\1717180
005 20250619035720.0
035 _a(NLR Aleph) 004815642
090 _a4970155
_c4970155
100 _a20061002e19001900|||y0rusy50 ca
101 0 _arus
102 _aRU
105 _ay z |||||
200 1 _aО временных педагогических курсах для учителей и учительниц церковно-приходских школ в Н.-Новгороде
210 _a[Нижний Новгород
_d1900]
215 _a9 с.
_d22
300 _aВ конце текста: П.В.
309 _aБез тит. л. и обл.
311 _aПерепеч. из № 14 "Нижегор. епарх. вед." за 1900
488 0 _12001#$aНижегородские епархиальные ведомости$v1900, № 14
_tНижегородские епархиальные ведомости
701 0 _aП.В.
801 0 _aRU
_bNLR
_gpsbo
801 0 _aRU
_bRuMoRGB
_2psbo
801 1 _aRU
_bProSoft-M
_2rusmarc
852 _aNLR
_j20.60.1.369
942 _cBOOK
980 _aNB